| 000 | 00675nam a22002417a 4500 | ||
|---|---|---|---|
| 003 | OSt | ||
| 005 | 20140310181732.0 | ||
| 008 | 121211t xxu||||| |||| 00| 0 eng d | ||
| 020 | _a9716300166 | ||
| 050 |
_aPN 989.P5 _b.V468 1993 |
||
| 082 |
_aFIL 398.245 _bV55 1993 |
||
| 100 | _aVentura, Sylvia Mendez | ||
| 245 |
_aThe Carabao-turtle race : _cSylvia Mendez Ventura. _band other classic Philippine animal folktales / |
||
| 260 |
_aManila : . _bTahanan Books for Young Readers, _c1993. |
||
| 300 |
_a56 p. ; _b ill. ; _c26 cm. |
||
| 650 | _aFolktales | ||
| 942 |
_2lcc _cBK |
||
| 999 |
_c2441 _d2441 |
||